[Event "EYCC 2024 - G18"]
[Site "?"]
[Date "2024.08.28"]
[Round "6.1"]
[White "Buchholz, Maja Patricia"]
[Black "Suarez Gomez, Paula"]
[Result "0-1"]
[BlackElo "2080"]
[WhiteElo "1988"]
[LiveChessVersion "1.4.8"]

1. c4 {[%clk 1:30:58]} e6 {[%clk 1:30:56]} 2. g3 {[%clk 1:31:22]} d5
{[%clk 1:31:18]} 3. Bg2 {[%clk 1:31:46]} a6 {[%clk 1:31:32]} 4. Nf3
{[%clk 1:31:28]} dxc4 {[%clk 1:31:11]} 5. Na3 {[%clk 1:25:54]} b5
{[%clk 1:16:57]} 6. Ne5 {[%clk 0:55:38]} Ra7 {[%clk 1:16:12]} 7. e3
{[%clk 0:51:15]} Nf6 {[%clk 1:09:23]} 8. b3 {[%clk 0:50:04]} cxb3
{[%clk 1:04:44]} 9. axb3 {[%clk 0:49:14]} Bb7 {[%clk 1:03:53]} 10. Bf3
{[%clk 0:40:19]} Bd6 {[%clk 0:46:09]} 11. Bb2 {[%clk 0:25:54]} Bxe5
{[%clk 0:42:20]} 12. Bxe5 {[%clk 0:26:22]} Nc6 {[%clk 0:42:40]} 13. Bxf6
{[%clk 0:26:02]} gxf6 {[%clk 0:30:23]} 14. Nxb5 {[%clk 0:26:01]} Ne5
{[%clk 0:30:45]} 15. Bxb7 {[%clk 0:21:46]} Nd3+ {[%clk 0:28:48]} 16. Ke2
{[%clk 0:21:29]} Rxb7 {[%clk 0:29:13]} 17. Nd4 {[%clk 0:19:40]} Nb4
{[%clk 0:26:34]} 18. Qb1 {[%clk 0:18:02]} c5 {[%clk 0:24:26]} 19. Nf3
{[%clk 0:17:47]} Qd5 {[%clk 0:16:59]} 20. Rc1 {[%clk 0:17:24]} Rd7
{[%clk 0:12:37]} 21. Ra5 {[%clk 0:16:59]} Nd3 {[%clk 0:12:55]} 22. Rxa6
{[%clk 0:14:09]} Nxc1+ {[%clk 0:13:07]} 0-1

[Event "EYCC 2024 - G18"]
[Site "?"]
[Date "2024.08.28"]
[Round "6.2"]
[White "Vasylchuk, Diana"]
[Black "Barwinska, Ewa"]
[Result "1/2-1/2"]
[BlackElo "2035"]
[WhiteElo "1983"]
[LiveChessVersion "1.4.8"]

1. e4 {[%clk 1:30:57]} c5 {[%clk 1:30:56]} 2. Nf3 {[%clk 1:31:09]} Nc6
{[%clk 1:31:19]} 3. Nc3 {[%clk 1:29:10]} d6 {[%clk 1:30:27]} 4. d3
{[%clk 1:24:27]} g6 {[%clk 1:28:38]} 5. Be2 {[%clk 1:21:13]} Bg7 {[%clk 1:28:35]}
6. h3 {[%clk 1:19:34]} e5 {[%clk 1:23:03]} 7. O-O {[%clk 1:15:29]} Nge7
{[%clk 1:22:33]} 8. Nh2 {[%clk 1:11:39]} O-O {[%clk 1:16:48]} 9. Ng4
{[%clk 1:08:05]} Nd4 {[%clk 1:10:58]} 10. f4 {[%clk 1:02:22]} exf4
{[%clk 0:55:45]} 11. Bxf4 {[%clk 0:59:37]} h5 {[%clk 0:49:03]} 12. Ne3
{[%clk 0:55:07]} Be6 {[%clk 0:46:28]} 13. Bf3 {[%clk 0:41:25]} b5
{[%clk 0:45:08]} 14. Ncd5 {[%clk 0:38:46]} Bxd5 {[%clk 0:42:20]} 15. exd5
{[%clk 0:38:36]} Nef5 {[%clk 0:34:47]} 16. Nxf5 {[%clk 0:35:59]} Nxf5
{[%clk 0:35:06]} 17. c3 {[%clk 0:34:21]} b4 {[%clk 0:28:31]} 18. Qc2
{[%clk 0:28:27]} Qb6 {[%clk 0:23:31]} 19. Be4 {[%clk 0:25:10]} Ne7
{[%clk 0:23:30]} 20. Kh1 {[%clk 0:23:27]} Kh7 {[%clk 0:17:45]} 21. Rac1
{[%clk 0:20:58]} a5 {[%clk 0:16:50]} 22. Qe2 {[%clk 0:20:42]} Kh8
{[%clk 0:11:53]} 23. Qf2 {[%clk 0:19:36]} Ng8 {[%clk 0:11:02]} 24. Qg3
{[%clk 0:19:35]} Rad8 {[%clk 0:08:34]} 25. Bxg6 {[%clk 0:17:57]} fxg6
{[%clk 0:08:54]} 26. Qxg6 {[%clk 0:18:22]} Ne7 {[%clk 0:06:12]} 27. Qxh5+
{[%clk 0:17:49]} Kg8 {[%clk 0:06:42]} 28. Bg5 {[%clk 0:17:15]} Qb7
{[%clk 0:05:25]} 29. Rfe1 {[%clk 0:15:51]} Nf5 {[%clk 0:04:15]} 30. Qg6
{[%clk 0:15:26]} Rd7 {[%clk 0:04:22]} 31. g4 {[%clk 0:15:10]} Qxd5+
{[%clk 0:03:25]} 32. Kh2 {[%clk 0:14:56]} Qf3 {[%clk 0:00:43]} 33. gxf5
{[%clk 0:14:34]} 1/2-1/2

[Event "EYCC 2024 - G18"]
[Site "?"]
[Date "2024.08.28"]
[Round "6.3"]
[White "Karaivanova, Petya"]
[Black "Hernandez Tellez, Claudia"]
[Result "1/2-1/2"]
[BlackElo "2025"]
[WhiteElo "1969"]
[LiveChessVersion "1.4.8"]

1. e4 {[%clk 1:30:57]} e5 {[%clk 1:30:56]} 2. Nf3 {[%clk 1:31:24]} Nc6
{[%clk 1:31:20]} 3. Bc4 {[%clk 1:31:49]} Nf6 {[%clk 1:31:43]} 4. d3
{[%clk 1:32:16]} h6 {[%clk 1:31:36]} 5. c3 {[%clk 1:32:30]} d6 {[%clk 1:31:37]}
6. Qc2 {[%clk 1:31:39]} g6 {[%clk 1:30:47]} 7. h3 {[%clk 1:30:59]} Bg7
{[%clk 1:29:54]} 8. Be3 {[%clk 1:29:42]} Qe7 {[%clk 1:18:42]} 9. Nbd2
{[%clk 1:29:53]} Bd7 {[%clk 1:16:03]} 10. a4 {[%clk 1:27:36]} a5 {[%clk 1:15:45]}
11. Bb5 {[%clk 1:25:30]} O-O {[%clk 1:12:11]} 12. g4 {[%clk 1:24:23]} Nh7
{[%clk 1:10:10]} 13. Rg1 {[%clk 1:23:22]} Nd8 {[%clk 1:04:02]} 14. Bxd7
{[%clk 1:18:28]} Qxd7 {[%clk 1:04:31]} 15. Nf1 {[%clk 1:18:50]} d5
{[%clk 1:00:36]} 16. Ng3 {[%clk 1:16:54]} Ne6 {[%clk 0:56:43]} 17. Qd2
{[%clk 1:09:52]} dxe4 {[%clk 0:54:05]} 18. Nxe4 {[%clk 1:09:07]} Nf4
{[%clk 0:51:52]} 19. Nxe5 {[%clk 1:03:08]} Bxe5 {[%clk 0:50:14]} 20. Bxf4
{[%clk 1:03:33]} Bxf4 {[%clk 0:49:56]} 21. Qxf4 {[%clk 1:03:58]} Qxd3
{[%clk 0:48:56]} 22. Rg3 {[%clk 0:57:13]} Qc2 {[%clk 0:45:33]} 23. Kf1
{[%clk 0:53:49]} Rae8 {[%clk 0:35:54]} 24. Re1 {[%clk 0:50:53]} Kg7
{[%clk 0:32:43]} 25. Rge3 {[%clk 0:46:50]} Qxa4 {[%clk 0:28:41]} 26. Qxc7
{[%clk 0:42:20]} Qb5+ {[%clk 0:26:30]} 27. Kg2 {[%clk 0:28:59]} Rc8
{[%clk 0:23:59]} 28. Qf4 {[%clk 0:27:28]} Qd5 {[%clk 0:18:58]} 29. f3
{[%clk 0:26:36]} Rcd8 {[%clk 0:18:31]} 30. R3e2 {[%clk 0:25:34]} Rfe8
{[%clk 0:17:00]} 31. Rd2 {[%clk 0:20:50]} Qxd2+ {[%clk 0:15:34]} 32. Nxd2
{[%clk 0:21:14]} Rxe1 {[%clk 0:15:59]} 33. Ne4 {[%clk 0:20:48]} Rdd1
{[%clk 0:09:12]} 34. Qe5+ {[%clk 0:16:23]} Kg8 {[%clk 0:09:11]} 35. Qe8+
{[%clk 0:11:30]} Nf8 {[%clk 0:06:16]} 36. Kf2 {[%clk 0:09:48]} Rf1+
{[%clk 0:02:48]} 1/2-1/2

[Event "EYCC 2024 - G18"]
[Site "?"]
[Date "2024.08.28"]
[Round "6.4"]
[White "Sereda, Yaroslava"]
[Black "Maton, Emily"]
[Result "1/2-1/2"]
[BlackElo "2005"]
[WhiteElo "1972"]
[LiveChessVersion "1.4.8"]

1. e4 {[%clk 1:30:58]} c5 {[%clk 1:30:57]} 2. Nf3 {[%clk 1:31:18]} e6
{[%clk 1:31:23]} 3. d4 {[%clk 1:31:40]} cxd4 {[%clk 1:31:48]} 4. Nxd4
{[%clk 1:32:00]} Nf6 {[%clk 1:32:13]} 5. Nc3 {[%clk 1:32:19]} Nc6
{[%clk 1:32:36]} 6. Nxc6 {[%clk 1:32:24]} bxc6 {[%clk 1:33:00]} 7. e5
{[%clk 1:32:35]} Nd5 {[%clk 1:33:24]} 8. Ne4 {[%clk 1:32:50]} Qc7
{[%clk 1:33:42]} 9. f4 {[%clk 1:32:41]} Qb6 {[%clk 1:34:04]} 10. c4
{[%clk 1:32:15]} Bb4+ {[%clk 1:34:24]} 11. Ke2 {[%clk 1:31:36]} f5
{[%clk 1:34:27]} 12. exf6 {[%clk 1:30:21]} Nxf6 {[%clk 1:34:49]} 13. Be3
{[%clk 1:27:27]} Qd8 {[%clk 1:31:20]} 14. Nd6+ {[%clk 1:16:30]} Bxd6
{[%clk 1:31:34]} 15. Qxd6 {[%clk 1:16:54]} Bb7 {[%clk 1:31:44]} 16. Rg1
{[%clk 1:00:28]} Rc8 {[%clk 1:25:59]} 17. b4 {[%clk 0:34:36]} Ne4
{[%clk 1:14:22]} 18. Qe5 {[%clk 0:34:11]} Qf6 {[%clk 1:14:00]} 19. Qxf6
{[%clk 0:34:09]} gxf6 {[%clk 1:12:19]} 20. Bxa7 {[%clk 0:29:42]} e5
{[%clk 1:07:59]} 21. fxe5 {[%clk 0:25:12]} fxe5 {[%clk 1:08:23]} 22. Kd3
{[%clk 0:24:51]} d5 {[%clk 1:05:14]} 23. Be2 {[%clk 0:22:06]} Ra8
{[%clk 1:01:07]} 24. Bh5+ {[%clk 0:20:53]} Ke7 {[%clk 0:57:13]} 25. Bc5+
{[%clk 0:14:20]} Nxc5+ {[%clk 0:57:23]} 26. bxc5 {[%clk 0:14:48]} Ba6
{[%clk 0:56:52]} 27. Rgb1 {[%clk 0:09:50]} Bxc4+ {[%clk 0:57:03]} 28. Kd2
{[%clk 0:09:51]} Rhb8 {[%clk 0:51:32]} 29. a4 {[%clk 0:05:59]} Rxb1
{[%clk 0:46:04]} 30. Rxb1 {[%clk 0:06:28]} Rxa4 {[%clk 0:46:10]} 31. Rb7+
{[%clk 0:06:44]} Kd8 {[%clk 0:46:07]} 32. Rxh7 {[%clk 0:05:07]} Ra2+
{[%clk 0:46:04]} 33. Kc3 {[%clk 0:02:25]} Rxg2 {[%clk 0:45:53]} 34. Rh8+
{[%clk 0:02:44]} Ke7 {[%clk 0:41:26]} 35. Rh7+ {[%clk 0:02:32]} Kf8
{[%clk 0:41:29]} 36. Rf7+ {[%clk 0:01:46]} Kg8 {[%clk 0:41:39]} 37. Rf5
{[%clk 0:01:49]} e4 {[%clk 0:40:24]} 38. Be8 {[%clk 0:01:40]} Bb5
{[%clk 0:39:49]} 39. Rf6 {[%clk 0:01:15]} Kg7 {[%clk 0:38:38]} 40. Re6
{[%clk 0:01:18]} Rxh2 {[%clk 0:38:13]} 41. Bxc6 {[%clk 0:01:29]} Rh3+
{[%clk 0:37:03]} 42. Kc2 {[%clk 0:01:16]} Bxc6 {[%clk 0:33:05]} 43. Rxc6
{[%clk 0:01:44]} d4 {[%clk 0:30:48]} 44. Rd6 {[%clk 0:01:20]} d3+
{[%clk 0:24:16]} 45. Kd1 {[%clk 0:00:44]} Rh1+ {[%clk 0:21:12]} 46. Kd2
{[%clk 0:01:12]} Rh2+ {[%clk 0:21:28]} 47. Kd1 {[%clk 0:01:06]} Rc2
{[%clk 0:17:20]} 48. Rd4 {[%clk 0:01:16]} Rxc5 {[%clk 0:17:19]} 1/2-1/2

[Event "EYCC 2024 - G18"]
[Site "?"]
[Date "2024.08.28"]
[Round "6.5"]
[White "Sevcikova, Lucia"]
[Black "Stepanyan, Alvard"]
[Result "0-1"]
[BlackElo "1888"]
[WhiteElo "2103"]
[LiveChessVersion "1.4.8"]

1. d4 {[%clk 1:30:57]} Nf6 {[%clk 1:30:29]} 2. c4 {[%clk 1:31:22]} e6
{[%clk 1:30:46]} 3. Nc3 {[%clk 1:31:47]} Bb4 {[%clk 1:31:10]} 4. Nf3
{[%clk 1:32:14]} b6 {[%clk 1:31:24]} 5. e3 {[%clk 1:32:31]} Bb7 {[%clk 1:30:54]}
6. Bd3 {[%clk 1:32:52]} O-O {[%clk 1:30:48]} 7. O-O {[%clk 1:32:49]} d5
{[%clk 1:30:45]} 8. cxd5 {[%clk 1:33:07]} exd5 {[%clk 1:31:01]} 9. Ne5
{[%clk 1:33:26]} Nbd7 {[%clk 1:23:35]} 10. f4 {[%clk 1:33:18]} a6
{[%clk 1:19:53]} 11. Qf3 {[%clk 1:20:15]} Bd6 {[%clk 1:09:58]} 12. g4
{[%clk 1:15:38]} Rb8 {[%clk 0:47:22]} 13. g5 {[%clk 1:05:54]} Bxe5
{[%clk 0:42:41]} 14. dxe5 {[%clk 0:48:10]} d4 {[%clk 0:37:00]} 15. Qe2
{[%clk 0:37:40]} dxc3 {[%clk 0:28:26]} 16. gxf6 {[%clk 0:37:38]} g6
{[%clk 0:26:26]} 17. Rd1 {[%clk 0:34:19]} Qc8 {[%clk 0:22:51]} 18. bxc3
{[%clk 0:32:09]} Rd8 {[%clk 0:18:45]} 19. Ba3 {[%clk 0:27:03]} c5
{[%clk 0:19:02]} 20. Bc4 {[%clk 0:24:00]} b5 {[%clk 0:14:30]} 21. Bd5
{[%clk 0:22:58]} b4 {[%clk 0:12:04]} 22. cxb4 {[%clk 0:18:10]} Bxd5
{[%clk 0:12:16]} 23. Rxd5 {[%clk 0:18:32]} cxb4 {[%clk 0:12:37]} 24. Bb2
{[%clk 0:18:30]} Nf8 {[%clk 0:10:51]} 25. Rad1 {[%clk 0:16:40]} Rxd5
{[%clk 0:10:01]} 26. Rxd5 {[%clk 0:17:06]} Rb7 {[%clk 0:09:26]} 27. Qd1
{[%clk 0:14:16]} Qh3 {[%clk 0:05:35]} 28. Bd4 {[%clk 0:10:10]} Ne6
{[%clk 0:03:21]} 29. Bc5 {[%clk 0:04:12]} h5 {[%clk 0:03:21]} 30. Qe2
{[%clk 0:02:49]} Rc7 {[%clk 0:03:18]} 31. Bb6 {[%clk 0:02:31]} Rc8
{[%clk 0:02:24]} 32. Rd1 {[%clk 0:02:33]} Qf5 {[%clk 0:02:04]} 33. Qg2
{[%clk 0:00:58]} h4 {[%clk 0:00:46]} 34. h3 {[%clk 0:00:41]} Kh7 {[%clk 0:00:44]}
35. Rf1 {[%clk 0:00:39]} Rc2 {[%clk 0:00:46]} 36. Rf2 {[%clk 0:00:57]} Rxf2
{[%clk 0:00:40]} 37. Kxf2 {[%clk 0:01:09]} Qc2+ {[%clk 0:01:03]} 38. Kg1
{[%clk 0:01:33]} Qc1+ {[%clk 0:00:46]} 39. Kh2 {[%clk 0:01:50]} Qc4
{[%clk 0:01:11]} 40. Qf2 {[%clk 0:01:32]} Kg8 {[%clk 0:01:14]} 41. Qg2
{[%clk 0:01:17]} Kh7 {[%clk 0:01:35]} 42. f5 {[%clk 0:01:07]} gxf5
{[%clk 0:01:32]} 43. Qf2 {[%clk 0:00:47]} Qe4 {[%clk 0:01:55]} 44. Bd4
{[%clk 0:00:45]} Ng5 {[%clk 0:01:37]} 45. Qf4 {[%clk 0:00:40]} Qxf4+
{[%clk 0:01:05]} 46. exf4 {[%clk 0:01:05]} Nf3+ {[%clk 0:01:32]} 47. Kg2
{[%clk 0:01:24]} Nxd4 {[%clk 0:01:59]} 48. Kf2 {[%clk 0:01:50]} Ne6
{[%clk 0:01:49]} 49. Ke3 {[%clk 0:02:14]} a5 {[%clk 0:02:09]} 50. Kd3
{[%clk 0:02:40]} Nxf4+ {[%clk 0:02:01]} 51. Kc4 {[%clk 0:03:07]} Nxh3
{[%clk 0:02:20]} 52. Kd5 {[%clk 0:03:27]} Nf4+ {[%clk 0:02:43]} 53. Kd6
{[%clk 0:03:54]} h3 {[%clk 0:02:45]} 54. Ke7 {[%clk 0:04:17]} Kg6
{[%clk 0:03:02]} 55. e6 {[%clk 0:04:43]} Nxe6 {[%clk 0:03:26]} 0-1

[Event "EYCC 2024 - G18"]
[Site "?"]
[Date "2024.08.28"]
[Round "6.6"]
[White "Verheij, Dana"]
[Black "Zito, Enrica"]
[Result "1-0"]
[BlackElo "2108"]
[WhiteElo "1941"]
[LiveChessVersion "1.4.8"]

1. e4 {[%clk 1:30:58]} c5 {[%clk 1:30:56]} 2. Nc3 {[%clk 1:31:24]} a6
{[%clk 1:31:22]} 3. g3 {[%clk 1:31:45]} b5 {[%clk 1:31:49]} 4. Bg2
{[%clk 1:32:12]} Bb7 {[%clk 1:32:15]} 5. Nge2 {[%clk 1:32:38]} e6
{[%clk 1:32:07]} 6. O-O {[%clk 1:32:53]} Nf6 {[%clk 1:32:02]} 7. Re1
{[%clk 1:32:53]} d6 {[%clk 1:32:02]} 8. d4 {[%clk 1:32:50]} cxd4 {[%clk 1:32:20]}
9. Nxd4 {[%clk 1:33:17]} Qc7 {[%clk 1:30:27]} 10. a4 {[%clk 1:23:22]} bxa4
{[%clk 1:27:30]} 11. Nd5 {[%clk 1:18:01]} exd5 {[%clk 1:20:27]} 12. exd5+
{[%clk 1:18:30]} Kd8 {[%clk 1:20:45]} 13. c4 {[%clk 1:13:09]} Nbd7
{[%clk 1:01:34]} 14. Bd2 {[%clk 1:06:38]} Nc5 {[%clk 0:39:10]} 15. Rxa4
{[%clk 0:51:13]} Nxa4 {[%clk 0:35:29]} 16. Qxa4 a5 {[%clk 0:35:02]} 17. Be3
{[%clk 0:36:54]} Ra6 {[%clk 0:33:08]} 18. Bh3 {[%clk 0:31:18]} Bc8
{[%clk 0:31:48]} 19. Bf1 {[%clk 0:22:21]} Bd7 {[%clk 0:27:12]} 20. Qb3
{[%clk 0:18:09]} a4 {[%clk 0:22:07]} 21. Qb4 {[%clk 0:18:18]} Ra8
{[%clk 0:21:48]} 22. Ne6+ {[%clk 0:18:03]} fxe6 {[%clk 0:21:04]} 23. Bb6
{[%clk 0:18:29]} e5 {[%clk 0:21:19]} 24. Bxc7+ {[%clk 0:18:36]} Kxc7
{[%clk 0:21:45]} 25. Bg2 {[%clk 0:17:15]} Be7 {[%clk 0:21:36]} 26. c5
{[%clk 0:16:39]} dxc5 {[%clk 0:21:32]} 27. d6+ {[%clk 0:17:04]} Bxd6
{[%clk 0:21:33]} 28. Qb7+ {[%clk 0:17:28]} 1-0

[Event "EYCC 2024 - G18"]
[Site "?"]
[Date "2024.08.28"]
[Round "6.7"]
[White "Mihaljevic, Eva"]
[Black "Markus, Molli Amina"]
[Result "1-0"]
[BlackElo "1934"]
[WhiteElo "2058"]
[LiveChessVersion "1.4.8"]

1. e4 {[%clk 1:30:57]} c5 {[%clk 1:30:54]} 2. Nf3 {[%clk 1:31:20]} Nc6
{[%clk 1:31:16]} 3. d4 {[%clk 1:31:42]} cxd4 {[%clk 1:31:38]} 4. Nxd4
{[%clk 1:32:06]} e6 {[%clk 1:32:01]} 5. Nc3 {[%clk 1:32:22]} Qc7 {[%clk 1:32:21]}
6. Be3 {[%clk 1:32:26]} a6 {[%clk 1:32:37]} 7. a3 {[%clk 1:32:44]} Nf6
{[%clk 1:32:10]} 8. f4 {[%clk 1:32:13]} d6 {[%clk 1:32:04]} 9. Qf3
{[%clk 1:31:22]} Bd7 {[%clk 1:31:28]} 10. O-O-O {[%clk 1:24:26]} Nxd4
{[%clk 1:18:32]} 11. Rxd4 {[%clk 1:22:11]} Rc8 {[%clk 1:11:53]} 12. h3
{[%clk 1:05:33]} b5 {[%clk 1:05:24]} 13. Rd2 {[%clk 1:02:31]} Bc6
{[%clk 1:01:39]} 14. Bd3 {[%clk 0:52:49]} d5 {[%clk 0:41:07]} 15. exd5
{[%clk 0:50:13]} Nxd5 {[%clk 0:40:59]} 16. Nxd5 {[%clk 0:50:28]} Bxd5
{[%clk 0:41:19]} 17. Be4 {[%clk 0:50:04]} Bxe4 {[%clk 0:36:14]} 18. Qxe4
{[%clk 0:50:28]} Bc5 {[%clk 0:32:09]} 19. f5 {[%clk 0:45:39]} Bxe3
{[%clk 0:25:20]} 20. Qxe3 {[%clk 0:46:07]} e5 {[%clk 0:23:37]} 21. Qg5
{[%clk 0:39:17]} f6 {[%clk 0:15:08]} 22. Qh5+ {[%clk 0:39:32]} Ke7
{[%clk 0:11:30]} 23. Rhd1 {[%clk 0:38:08]} Rcd8 {[%clk 0:08:54]} 24. Rxd8
{[%clk 0:31:31]} Rxd8 {[%clk 0:09:22]} 25. Rxd8 {[%clk 0:30:49]} Qxd8
{[%clk 0:09:41]} 26. Qxh7 {[%clk 0:31:03]} Kf7 {[%clk 0:09:46]} 27. Qh5+
{[%clk 0:28:50]} Ke7 {[%clk 0:10:03]} 28. Qg4 {[%clk 0:27:47]} Kf7
{[%clk 0:09:13]} 29. Qe4 {[%clk 0:27:44]} Qb6 {[%clk 0:08:50]} 30. Qd5+
{[%clk 0:26:36]} Kf8 {[%clk 0:09:06]} 31. b4 {[%clk 0:23:04]} Qe3+
{[%clk 0:07:48]} 32. Kb2 {[%clk 0:23:27]} Qb6 {[%clk 0:07:19]} 33. Kb3
{[%clk 0:23:05]} Qe3+ {[%clk 0:07:22]} 34. Qd3 {[%clk 0:21:48]} Qf4
{[%clk 0:05:04]} 35. g3 {[%clk 0:17:08]} Qf2 {[%clk 0:04:02]} 36. a4
{[%clk 0:15:54]} Qb6 {[%clk 0:03:34]} 37. c4 {[%clk 0:13:54]} bxa4+
{[%clk 0:02:29]} 38. Kxa4 {[%clk 0:13:54]} Qc6+ {[%clk 0:02:23]} 39. Kb3
{[%clk 0:11:55]} e4 {[%clk 0:02:12]} 40. Qe3 {[%clk 0:12:15]} Kf7
{[%clk 0:01:56]} 41. h4 {[%clk 0:11:20]} Qb7 {[%clk 0:02:12]} 42. Kc3
{[%clk 0:10:23]} Kg8 {[%clk 0:02:01]} 43. Qc5 {[%clk 0:10:08]} Kh7
{[%clk 0:01:49]} 44. Qd5 {[%clk 0:07:19]} Qe7 {[%clk 0:01:39]} 45. Qe6
{[%clk 0:05:26]} Qc7 {[%clk 0:01:22]} 46. Qxe4 {[%clk 0:05:34]} Qxg3+
{[%clk 0:01:47]} 47. Kd4 {[%clk 0:05:16]} Qd6+ {[%clk 0:01:52]} 48. Kc3
{[%clk 0:04:48]} Qg3+ {[%clk 0:02:11]} 49. Qd3 {[%clk 0:03:43]} Qxh4
{[%clk 0:02:06]} 50. c5 {[%clk 0:04:07]} Qe1+ {[%clk 0:02:25]} 51. Kb3
{[%clk 0:04:15]} a5 {[%clk 0:01:52]} 52. bxa5 {[%clk 0:03:55]} Qxa5
{[%clk 0:02:16]} 53. Qc4 {[%clk 0:03:50]} Qc7 {[%clk 0:02:28]} 54. Qd5
{[%clk 0:02:45]} Qb8+ {[%clk 0:02:43]} 55. Kc4 {[%clk 0:03:01]} Qf4+
{[%clk 0:03:06]} 56. Kb5 {[%clk 0:03:09]} Qb8+ {[%clk 0:03:23]} 57. Ka6
{[%clk 0:02:55]} Qc8+ {[%clk 0:03:43]} 58. Kb6 {[%clk 0:03:18]} Qb8+
{[%clk 0:04:02]} 59. Qb7 {[%clk 0:03:29]} Qd8+ {[%clk 0:04:27]} 60. Qc7
{[%clk 0:03:31]} Qd4 {[%clk 0:04:42]} 61. Qd6 {[%clk 0:02:56]} Qb4+
{[%clk 0:05:01]} 62. Kc7 {[%clk 0:03:16]} Qa5+ {[%clk 0:05:09]} 63. Qb6
{[%clk 0:03:21]} Qe1 {[%clk 0:05:28]} 64. c6 {[%clk 0:03:33]} Qe7+
{[%clk 0:05:33]} 65. Kb8 {[%clk 0:03:50]} Qf8+ {[%clk 0:05:15]} 66. Kb7
{[%clk 0:04:06]} 1-0

[Event "EYCC 2024 - G18"]
[Site "?"]
[Date "2024.08.28"]
[Round "6.8"]
[White "Diasamidze, Lulu"]
[Black "Shuqja, Klean"]
[Result "1/2-1/2"]
[BlackElo "2042"]
[WhiteElo "1905"]
[LiveChessVersion "1.4.8"]

1. e4 {[%clk 1:30:58]} c6 {[%clk 1:30:59]} 2. d4 {[%clk 1:31:22]} d5
{[%clk 1:31:27]} 3. Nc3 {[%clk 1:31:23]} dxe4 {[%clk 1:31:55]} 4. Nxe4
{[%clk 1:31:47]} Nd7 {[%clk 1:32:23]} 5. Nf3 {[%clk 1:31:56]} Ngf6
{[%clk 1:32:48]} 6. Nxf6+ {[%clk 1:32:17]} Nxf6 {[%clk 1:32:38]} 7. c3
{[%clk 1:32:14]} Bg4 {[%clk 1:32:08]} 8. h3 {[%clk 1:32:38]} Bxf3
{[%clk 1:31:33]} 9. Qxf3 {[%clk 1:33:02]} e6 {[%clk 1:32:01]} 10. Be2
{[%clk 1:25:55]} g6 {[%clk 1:24:10]} 11. b3 {[%clk 1:22:22]} Bg7 {[%clk 1:24:16]}
12. Ba3 {[%clk 1:22:31]} Qd5 {[%clk 1:07:19]} 13. O-O {[%clk 1:11:25]} Qxf3
{[%clk 1:05:18]} 14. Bxf3 {[%clk 1:11:49]} O-O-O {[%clk 0:58:56]} 15. Rac1
{[%clk 0:55:49]} g5 {[%clk 0:52:47]} 16. Be7 {[%clk 0:39:11]} Rd7
{[%clk 0:52:46]} 17. Bxf6 {[%clk 0:38:57]} Bxf6 {[%clk 0:53:15]} 18. Bh5
{[%clk 0:39:05]} Re7 {[%clk 0:44:54]} 19. Rce1 {[%clk 0:37:43]} Rf8
{[%clk 0:35:31]} 20. Re4 {[%clk 0:35:29]} Bg7 {[%clk 0:29:56]} 21. Rfe1
{[%clk 0:35:12]} Kd7 {[%clk 0:22:29]} 22. R4e2 f5 {[%clk 0:20:11]} 23. Rd1
{[%clk 0:26:03]} Kc7 {[%clk 0:18:44]} 24. Rde1 {[%clk 0:16:44]} Kd6
{[%clk 0:17:10]} 25. Rd1 {[%clk 0:17:04]} b5 {[%clk 0:08:39]} 26. c4
{[%clk 0:16:50]} bxc4 {[%clk 0:08:38]} 27. bxc4 {[%clk 0:17:16]} Rb8
{[%clk 0:08:30]} 28. Bf3 {[%clk 0:15:30]} Reb7 {[%clk 0:03:15]} 29. d5
{[%clk 0:13:54]} cxd5 {[%clk 0:01:16]} 30. cxd5 {[%clk 0:14:19]} e5
{[%clk 0:01:30]} 31. Rc2 {[%clk 0:14:44]} Rb1 {[%clk 0:00:34]} 32. Rc6+
{[%clk 0:14:39]} Kd7 {[%clk 0:00:59]} 33. Ra6 {[%clk 0:13:35]} Rxd1+
{[%clk 0:00:40]} 34. Bxd1 {[%clk 0:14:04]} Rb1 {[%clk 0:00:35]} 35. Rxa7+
{[%clk 0:14:30]} Kd6 {[%clk 0:00:51]} 36. Rxg7 {[%clk 0:14:48]} Rxd1+
{[%clk 0:01:18]} 37. Kh2 {[%clk 0:15:13]} h6 {[%clk 0:00:57]} 38. a4
{[%clk 0:14:15]} Ra1 {[%clk 0:00:33]} 39. Rg6+ {[%clk 0:11:36]} Kxd5
{[%clk 0:00:59]} 40. Rxh6 {[%clk 0:12:01]} Rxa4 {[%clk 0:00:35]} 41. Rg6
{[%clk 0:11:23]} Ra2 {[%clk 0:00:33]} 42. f3 {[%clk 0:11:21]} e4 {[%clk 0:00:39]}
43. fxe4+ {[%clk 0:08:57]} fxe4 {[%clk 0:00:41]} 44. Rxg5+ {[%clk 0:09:21]} Kd4
{[%clk 0:00:56]} 45. Rg8 {[%clk 0:08:31]} e3 {[%clk 0:00:33]} 46. Kg3
{[%clk 0:08:00]} Rf2 {[%clk 0:00:33]} 47. Rd8+ {[%clk 0:07:56]} Kc3
{[%clk 0:00:37]} 48. Ra8 {[%clk 0:07:01]} Rf7 {[%clk 0:00:35]} 49. Ra3+
{[%clk 0:06:27]} Kd2 {[%clk 0:00:40]} 50. Ra2+ {[%clk 0:06:46]} 1/2-1/2

[Event "EYCC 2024 - G18"]
[Site "?"]
[Date "2024.08.28"]
[Round "6.9"]
[White "Yilmaz, Gokcen"]
[Black "Voigt, Anastasia"]
[Result "1/2-1/2"]
[BlackElo "2037"]
[WhiteElo "1900"]
[LiveChessVersion "1.4.8"]

1. e4 {[%clk 1:30:23]} e5 {[%clk 1:30:55]} 2. Nf3 {[%clk 1:30:49]} Nc6
{[%clk 1:31:20]} 3. Nc3 {[%clk 1:31:16]} Nf6 {[%clk 1:31:45]} 4. Bb5
{[%clk 1:31:42]} Bb4 {[%clk 1:32:07]} 5. O-O {[%clk 1:32:02]} O-O
{[%clk 1:32:20]} 6. d3 {[%clk 1:32:28]} d6 {[%clk 1:32:42]} 7. Ne2
{[%clk 1:30:42]} Ne7 {[%clk 1:32:53]} 8. Bg5 {[%clk 1:22:20]} Ng6
{[%clk 1:32:39]} 9. Nh4 {[%clk 1:22:19]} h6 {[%clk 1:23:23]} 10. Nxg6
{[%clk 1:21:19]} fxg6 {[%clk 1:23:47]} 11. Bh4 {[%clk 1:21:41]} g5
{[%clk 1:22:26]} 12. Bg3 {[%clk 1:21:54]} Nh5 {[%clk 1:20:09]} 13. c3
{[%clk 1:18:50]} Ba5 {[%clk 1:19:40]} 14. Bc4+ {[%clk 1:18:32]} Kh8
{[%clk 1:19:32]} 15. f3 {[%clk 1:17:13]} g4 {[%clk 1:06:39]} 16. f4
{[%clk 1:11:41]} Nxg3 {[%clk 0:54:24]} 17. hxg3 {[%clk 1:11:57]} c6
{[%clk 0:52:39]} 18. fxe5 {[%clk 1:01:59]} dxe5 {[%clk 0:51:40]} 19. Rxf8+
{[%clk 1:01:58]} Qxf8 {[%clk 0:52:02]} 20. Qf1 {[%clk 1:02:13]} Qd6
{[%clk 0:43:30]} 21. Qf2 {[%clk 0:31:34]} b5 {[%clk 0:39:51]} 22. Bb3
{[%clk 0:31:35]} Bd7 {[%clk 0:31:30]} 23. Qe3 {[%clk 0:30:04]} c5
{[%clk 0:23:07]} 24. Bd5 {[%clk 0:24:01]} Rf8 {[%clk 0:23:28]} 25. Rf1
{[%clk 0:24:16]} Rxf1+ {[%clk 0:21:05]} 26. Kxf1 {[%clk 0:24:42]} Bb6
{[%clk 0:20:28]} 27. Qf2 {[%clk 0:18:24]} Bd8 {[%clk 0:17:42]} 28. Qf7
{[%clk 0:17:33]} Qf6+ 29. Qxf6 {[%clk 0:17:40]} Bxf6 {[%clk 0:17:14]} 30. Nc1
{[%clk 0:16:43]} Bd8 {[%clk 0:16:12]} 31. Ke2 {[%clk 0:16:37]} g5
{[%clk 0:15:47]} 32. d4 {[%clk 0:10:32]} cxd4 {[%clk 0:13:37]} 33. cxd4
{[%clk 0:10:58]} exd4 {[%clk 0:14:03]} 34. e5 {[%clk 0:08:59]} Bf5
{[%clk 0:12:56]} 35. Nd3 {[%clk 0:05:49]} Be7 {[%clk 0:12:18]} 36. Nf2
{[%clk 0:04:55]} Kg7 {[%clk 0:08:00]} 37. Bc6 {[%clk 0:05:12]} a6
{[%clk 0:07:35]} 38. Be8 {[%clk 0:05:27]} Bd8 {[%clk 0:04:24]} 39. Bh5
{[%clk 0:05:02]} Bc7 {[%clk 0:03:40]} 40. Nxg4 {[%clk 0:03:18]} Bxg4+
{[%clk 0:03:12]} 41. Bxg4 {[%clk 0:03:44]} Bxe5 {[%clk 0:03:30]} 42. Kd3
{[%clk 0:03:28]} Kf6 {[%clk 0:03:13]} 43. Bc8 {[%clk 0:03:47]} a5
{[%clk 0:03:31]} 44. g4 {[%clk 0:04:02]} Ke7 {[%clk 0:02:15]} 1/2-1/2